Countries of the World in Alphabetical Order Given First 2 Letters - Statistics

General Stats
  • This quiz has been taken 249 times
  • The average score is 116 of 196
Answer Stats
First 2 Letters Country % Correct
Af Afghanistan
99%
Al Algeria
93%
Al Albania
91%
Au Australia
88%
Au Austria
87%
Az Azerbaijan
87%
An Andorra
84%
Ar Armenia
82%
Bh Bhutan
82%
An Angola
81%
Ar Argentina
78%
Bo Bolivia
78%
Ba Bahamas
74%
Ba Bahrain
74%
Be Belgium
74%
Cz Czech Republic
74%
Bu Bulgaria
73%
Be Belize
71%
De Denmark
71%
Fi Finland
71%
Fr France
71%
An Antigua and Barbuda
70%
Ba Barbados
70%
Bo Botswana
70%
Br Brazil
70%
Bu Burundi
70%
Dj Djibouti
70%
Gh Ghana
70%
Ic Iceland
70%
Ir Ireland
70%
Cy Cyprus
69%
El El Salvador
69%
Be Benin
68%
Ch Chile
68%
Ch China
68%
Cr Croatia
68%
Ec Ecuador
68%
Es Estonia
68%
Ge Germany
68%
Ja Jamaica
68%
Om Oman
68%
Ba Bangladesh
67%
Be Belarus
67%
Br Brunei
67%
Er Eritrea
67%
It Italy
67%
Jo Jordan
67%
Ka Kazakhstan
67%
Qa Qatar
67%
Rw Rwanda
67%
Fi Fiji
66%
Ho Honduras
66%
In India
66%
Ca Canada
65%
Eq Equatorial Guinea
65%
Ga Gabon
65%
Ha Haiti
65%
In Indonesia
65%
Ky Kyrgyzstan
65%
Zi Zimbabwe
65%
Do Dominica
64%
Ga Gambia
64%
Hu Hungary
64%
Ir Iran
64%
Ir Iraq
64%
Ke Kenya
64%
My Myanmar
64%
Ug Uganda
64%
Za Zambia
64%
Do Dominican Republic
63%
La Latvia
63%
Ro Romania
63%
Sy Syria
63%
Ye Yemen
63%
Cu Cuba
62%
Et Ethiopia
62%
Gr Greece
62%
Is Israel
62%
Ja Japan
62%
Ru Russia
62%
Sw Sweden
62%
Ur Uruguay
62%
Ca Cambodia
61%
Co Comoros
61%
Iv Ivory Coast
61%
Li Lithuania
61%
Ni Niger
61%
Ph Philippines
61%
Sp Spain
61%
Th Thailand
61%
Bo Bosnia and Herzegovina
60%
Ch Chad
60%
Co Colombia
60%
Ea East Timor
60%
Es Eswatini
60%
Ni Nigeria
60%
Po Poland
60%
Uk Ukraine
60%
Uz Uzbekistan
60%
Ve Venezuela
60%
Ca Cameroon
59%
Lu Luxembourg
59%
No Norway
59%
Ki Kiribati
57%
Ko Kosovo
57%
Ku Kuwait
57%
Pa Pakistan
57%
Vi Vietnam
57%
Eg Egypt
56%
Gu Guinea
56%
Gu Guyana
56%
Ma Madagascar
56%
No North Korea
56%
Pa Paraguay
56%
Sr Sri Lanka
56%
To Togo
56%
Un United States
56%
Va Vatican City
56%
Gr Grenada
55%
La Laos
55%
Ma Mali
55%
Ma Mauritania
55%
Na Namibia
55%
Po Portugal
55%
Sl Slovakia
55%
Sl Slovenia
55%
Sw Switzerland
55%
Un United Kingdom
55%
Ge Georgia
54%
Gu Guatemala
54%
So South Korea
54%
Bu Burkina Faso
53%
Gu Guinea-Bissau
53%
Le Lesotho
53%
Li Liechtenstein
53%
Pa Panama
53%
Ta Tanzania
53%
Tu Tuvalu
53%
Ni Nicaragua
52%
Pe Peru
52%
Co Democratic Republic of the Congo
51%
Ma Mauritius
51%
Su Sudan
51%
Tu Turkey
51%
Tu Turkmenistan
51%
Le Lebanon
50%
Ma Malta
50%
Ne Netherlands
50%
No North Macedonia
50%
Pa Palau
50%
Se Senegal
50%
So Somalia
50%
To Tonga
50%
Va Vanuatu
50%
Li Liberia
49%
Ma Malawi
49%
Mo Moldova
49%
Ne Nepal
49%
Su Suriname
49%
Tu Tunisia
49%
Ca Cape Verde
48%
Co Costa Rica
48%
Mo Monaco
48%
So South Sudan
48%
Tr Trinidad and Tobago
48%
Un United Arab Emirates
48%
Ce Central African Republic
47%
Ma Malaysia
47%
Ma Maldives
47%
Me Mexico
47%
Mo Montenegro
47%
Mo Mozambique
47%
Li Libya
46%
Mo Morocco
46%
Pa Papua New Guinea
46%
So South Africa
46%
Mi Federated States of Micronesia
43%
Na Nauru
43%
Co Republic of the Congo
43%
Sa Saint Kitts and Nevis
43%
Sa Saint Lucia
43%
Sa Saint Vincent and the Grenadines
43%
Sa Samoa
43%
Ta Tajikistan
43%
Ma Marshall Islands
42%
Mo Mongolia
42%
Se Serbia
41%
Ne New Zealand
40%
Sa San Marino
40%
Si Singapore
40%
Se Seychelles
39%
So Solomon Islands
37%
Sa São Tomé and Príncipe
36%
Si Sierra Leone
36%
Ta Taiwan
36%
Sa Saudi Arabia
28%
No matching quizzes found
Score Distribution
Percent of People with Each Score
Percentile by Number Answered
Your Score History
You have not taken this quiz